| 000 | 00421nam a22001817a 4500 | ||
|---|---|---|---|
| 003 | CEME | ||
| 005 | 20210628210405.0 | ||
| 008 | 210216b xxu||||| |||| 00| 0 eng d | ||
| 020 | _a969-0-01290-8 | ||
| 040 | _c. | ||
| 082 | _a891.4393 ABD | ||
| 100 |
_aAbdaal Bela _910299 |
||
| 245 | _aZair labi | ||
| 260 |
_aLAHORE _bFEROZE SONS _c1997 |
||
| 300 | _a277P | ||
| 650 |
_aURDU ADAB-AFSNEY _979180 |
||
| 942 |
_cBK _2ddc |
||
| 999 |
_c584240 _d584240 |
||